| 000 | 01269nam a2200337Ia 4500 | ||
|---|---|---|---|
| 001 | ebr10076746 | ||
| 003 | CaPaEBR | ||
| 006 | m u | ||
| 007 | cr cn||||||||| | ||
| 008 | 020508s2002 enka sb 001 0 eng d | ||
| 010 | _z 2001135910 | ||
| 020 | _z9781412932066 | ||
| 020 | _z0761970630 | ||
| 020 | _z0761970649 (pbk) | ||
| 040 |
_aCaPaEBR _cCaPaEBR |
||
| 035 | _a(OCoLC)70773998 | ||
| 050 | 1 | 4 |
_aRT84.5 _b.T47 2002eb |
| 082 | 0 | 4 |
_a610.73 _221 |
| 245 | 0 | 0 |
_aTherapeutic nursing _h[electronic resource] : _bimproving patient care through self-awareness and reflection / _cedited by Dawn Freshwater. |
| 260 |
_aLondon ; _aThousand Oaks : _bSAGE, _c2002. |
||
| 300 |
_axi, 198 p. : _bill. |
||
| 504 | _aIncludes bibliographical references and index. | ||
| 533 |
_aElectronic reproduction. _bPalo Alto, Calif. : _cebrary, _d2009. _nAvailable via World Wide Web. _nAccess may be limited to ebrary affiliated libraries. |
||
| 650 | 0 | _aIntrospection. | |
| 650 | 0 | _aNursing. | |
| 650 | 0 | _aSelf-knowledge, Theory of. | |
| 655 | 7 |
_aElectronic books. _2local |
|
| 700 | 1 | _aFreshwater, Dawn. | |
| 710 | 2 | _aebrary, Inc. | |
| 856 | 4 | 0 |
_uhttp://site.ebrary.com/lib/rucke/Doc?id=10076746 _zAn electronic book accessible through the World Wide Web; click to view |
| 999 |
_c73986 _d73986 |
||